| Tag |
First Indicator |
Second Indicator |
Subfields |
| LEADER |
00000cam a2200000 a 4500 |
| 001 |
in00000019306 |
| 005 |
20151007054229.0 |
| 008 |
870522s1987 wb a b 10010 eng |
| 010 |
|
|
|a 87015908
|
| 020 |
|
|
|a 0387179992 (U.S.: pbk.) :
|c DM57.00 (W. Ger.)
|
| 035 |
|
|
|a (OCoLC)16695141
|
| 035 |
|
|
|9 AAB4401AM
|
| 040 |
|
|
|a DLC
|c DLC
|d TXA
|d UtOrBLW
|
| 049 |
|
|
|a TXAM
|c [A11072863]
|
| 050 |
0 |
0 |
|a SK355
|b .U49 1985
|
| 111 |
2 |
|
|a U.S.-Australia Workshop on Renewable Resource Management
|n (2nd :
|d 1985 :
|c East-West Center)
|
| 245 |
1 |
0 |
|a Modeling and management of resources under uncertainty :
|b proceedings of the Second U.S.-Australia Workshop on Renewable Resource Management held at the East-West Center, Honolulu, Hawaii, December 9-12, 1985 /
|c edited by T.L. Vincent [and others].
|
| 264 |
|
1 |
|a Berlin ;
|a New York :
|b Springer-Verlag,
|c [1987]
|
| 264 |
|
4 |
|c ©1987
|
| 300 |
|
|
|a viii, 318 pages :
|b illustrations ;
|c 25 cm.
|
| 336 |
|
|
|a text
|b txt
|2 rdacontent
|
| 337 |
|
|
|a unmediated
|b n
|2 rdamedia
|
| 338 |
|
|
|a volume
|b nc
|2 rdacarrier
|
| 490 |
1 |
|
|a Lecture notes in biomathematics ;
|v 72
|
| 504 |
|
|
|a Includes bibliographies.
|
| 650 |
|
0 |
|a Wildlife management
|x Mathematical models.
|
| 650 |
|
0 |
|a Fishery management
|x Mathematical models.
|
| 650 |
|
0 |
|a Population biology
|x Mathematical models.
|
| 650 |
|
0 |
|a Renewable natural resources
|x Management
|x Mathematical models.
|
| 700 |
1 |
|
|a Vincent, Thomas L.
|
| 830 |
|
0 |
|a Lecture notes in biomathematics ;
|v 72.
|
| 999 |
|
|
|a MARS
|
| 999 |
f |
f |
|s ba359194-971e-34a6-a41f-5496b10d0502
|i f1340d87-df39-38ef-9a6e-cd05af314b7f
|t 0
|
| 952 |
f |
f |
|p ric
|a Texas A&M University
|b Rellis Campus
|c Joint Library Facility
|d Remote Storage
|t 0
|e SK355 .U49 1985
|h Library of Congress classification
|i unmediated -- volume
|m A14811072863
|
| 998 |
f |
f |
|a SK355 .U49 1985
|t 0
|l Remote Storage
|